Famous pixelated faces Quiz Stats

 Plays Quiz not verified by Sporcle

Challenge
Share
Tweet
Score 0/16 Timer 03:00
0 Plays Today
No. Name % Correct
11.Barack Obama
95.8%
8.Miley Cyrus
84.6%
10.Johnny Depp
84.3%
3.George W. Bush
83.8%
16.Sarah Palin
83%
12.Ellen DeGeneres
73.6%
5.Demi Moore
65.2%
6.Seth Rogen
52.6%
No. Name % Correct
4.Selma Bouvier
48.4%
2.Hugh Jackman
48%
15.Matt LeBlanc
44.3%
7.Meatloaf
43.8%
9.Winona Ryder
40.7%
13.Beyoncé Knowles
40.5%
14.Brooke Shields
36.9%
1.Nicole Scherzinger
19.2%

You're not logged in!

Compare scores with friends on all Sporcle quizzes.
Join for Free
OR
Log In

You Might Also Like...

Show Comments

Extras

Created Nov 2, 2010ReportFavoriteNominate
Tags:Famous Quiz, face

Top Quizzes Today


Score Distribution

Your Account Isn't Verified!

In order to create a playlist on Sporcle, you need to verify the email address you used during registration. Go to your Sporcle Settings to finish the process.

Report this User

Report this user for behavior that violates our Community Guidelines.

Details: